Normal view
MARC view
Entry Topical Term
001 - CONTROL NUMBER
- control field: 27175
003 - CONTROL NUMBER IDENTIFIER
- control field: ARRUPE
005 - DATE AND TIME OF LATEST TRANSACTION
- control field: 20161102091329.0
008 - FIXED-LENGTH DATA ELEMENTS
- fixed length control field: 161102|| aca||aabn | a|a d
040 ## - CATALOGING SOURCE
- Original cataloging agency: ARRUPE
- Transcribing agency: ARRUPE
150 ## - HEADING--TOPICAL TERM
- Topical term or geographic name as entry element: Papacy
- General subdivision: History.
670 ## - SOURCE DATA FOUND
- Source citation: Work cat.: (ARRUPE)0: Dix, Gregory. 27172, Jurisdiction in the early church, Episcopal and papal /, 1975, c1938.